Hemostatic disordrers in malignant diseases / (رقم التسجيلة. 180239)

تفاصيل مارك
000 -LEADER
fixed length control field 01394namaa22003371i 4500
005 - أخر تعامل مع التسجيلة
control field 20260520141157.0
008 - FIXED-LENGTH DATA ELEMENTS--GENERAL INFORMATION
fixed length control field 260520t1994 ua a|||frm||| 00| 0 eng d
040 ## - CATALOGING SOURCE
Original cataloguing agency EG-GICUC
Language of cataloging eng
Transcribing agency EG-GICUC
Modifying agency EG-GICUC
Description conventions rda
041 0# - LANGUAGE CODE
Language code of text/sound track or separate title eng
Language code of summary or abstract eng
-- ara
049 ## - Acquisition Source
Acquisition Source Deposit
097 ## - Degree
Degree M.Sc
099 ## - LOCAL FREE-TEXT CALL NUMBER (OCLC)
Local Call Number Cai01.11.18.M.Sc.1994.Ah.H
100 0# - MAIN ENTRY--PERSONAL NAME
Authority record control number or standard number Ahmed Abd El-Azeem Mohamed
Preparation preparation.
245 10 - TITLE STATEMENT
Title Hemostatic disordrers in malignant diseases /
Statement of responsibility, etc. By Ahmed Abd El-Azeem Mohamed ; Supervised By Prof. Dr. Naila Mahmoud Sherif, Prof. Dr. Medhat El-Fatatry.
246 15 - VARYING FORM OF TITLE
Title proper/short title إضطرابات تجلط الدم فى الأمراض السرطانية
264 #0 - PRODUCTION, PUBLICATION, DISTRIBUTION, MANUFACTURE, AND COPYRIGHT NOTICE
Date of production, publication, distribution, manufacture, or copyright notice 1994.
300 ## - PHYSICAL DESCRIPTION
Extent 82 pages :
Other physical details illustrations ;
Dimensions 30 cm. +
336 ## - CONTENT TYPE
Source rda content
Content type term text
337 ## - MEDIA TYPE
Source rdamedia
Media type term Unmediated
338 ## - CARRIER TYPE
Source rdacarrier
Carrier type term volume
502 ## - DISSERTATION NOTE
Dissertation note Thesis (M.Sc.)-Cairo University, 1994.
504 ## - BIBLIOGRAPHY, ETC. NOTE
Bibliography, etc. note Bibliography: pages 82-87
653 #0 - INDEX TERM--UNCONTROLLED
Uncontrolled term internal medicine
653 #0 - INDEX TERM--UNCONTROLLED
Uncontrolled term malignant diseases
653 #0 - INDEX TERM--UNCONTROLLED
Uncontrolled term Hemostatic disordrers
700 0# - ADDED ENTRY--PERSONAL NAME
Personal name Prof. Dr. Naila Mahmoud Sherif.
Relator term thesis advisor.
700 0# - ADDED ENTRY--PERSONAL NAME
Personal name Prof. Dr. Medhat El-Fatatry.
Relator term thesis advisor.
900 ## - Thesis Information
Department Department of internal medicine
Faculties Faculty of medicine
Universities Cairo University
Grant date 1994
Supervisory body Prof. Dr. Naila Mahmoud Sherif.
-- Prof. Dr. Medhat El-Fatatry.
Discussion body Prof. Dr. Naila Mahmoud Sherif.
905 ## - Cataloger and Reviser Names
Cataloger Name Nermeen_Ahmed
942 ## - ADDED ENTRY ELEMENTS (KOHA)
Source of classification or shelving scheme Dewey Decimal Classification
Koha item type Thesis
Edition 21
Suppress in OPAC No
المقتنيات
Source of classification or shelving scheme Home library Current library Date acquired Inventory number Full call number Barcode Date last seen Effective from Koha item type
Dewey Decimal Classification المكتبة المركزبة الجديدة - جامعة القاهرة مكتبة المئوية 20.05.2026 26377 Cai01.11.18.M.Sc.1994.Ah.H 01010110026377000 20.05.2026 20.05.2026 Thesis
Cairo University Libraries Portal Implemented & Customized by: Eng. M. Mohamady Contacts: new-lib@cl.cu.edu.eg | cnul@cl.cu.edu.eg
CUCL logo CNUL logo
© All rights reserved — Cairo University Libraries
CUCL logo
Implemented & Customized by: Eng. M. Mohamady Contact: new-lib@cl.cu.edu.eg © All rights reserved — New Central Library
CNUL logo
Implemented & Customized by: Eng. M. Mohamady Contact: cnul@cl.cu.edu.eg © All rights reserved — Cairo National University Library